Statistics for PUBG/PlayerUnknown's Battlegrounds all cities/hotspots

Click here to take the quiz!

General Stats

  • This quiz has been taken 612 times
    (590 since last reset)
  • The average score is 11 of 21

Answer Stats

HintAnswer% Correct
________ is my cityPochinki
87%
Middle of map, you probably drop here for kills, don't you?School
85%
City version of above, not much to sayMylta
72%
Large city with a bridge, lmao good luck surviving thereGeorgopol
62%
Power Plant, I usually win my games if I drop here \:D/Mylta Power
62%
Middle of map, if you want to kill people coming out of belowRozhok
62%
Top left, ded if you don't have a carZharki
59%
Top right of map, ruins. Does anyone drop here?Stalber
56%
Farmland, enjoy your level 1 everything with micro uzi and flashbangGatka
52%
Near above, you think it's good until you drop there and realize it's full of trashPrison
51%
Are you way too much of a weenie to drop to above? This is the perfect place for youSeverny
46%
Military base for weeniesShooting Range
44%
Huge city with apartments and houses, indeed a very good place to dropYasnaya Polyana
44%
Top right of map, small neighborhood.Kameshki
43%
Bottom of the map, literally more than half the server drops hereSosnovka Military Base
43%
Bottom left city, highly underrated imoPrimorsk
41%
From middle to the right, neighborhood full of weird people or first droppersLipovka
40%
Near above, I never been here, so I don't know what to say for this lolMansion
39%
Boardwalk, sometimes you're alone, sometime's the entire server drops here, wanna take the risk?Ferry Pier
35%
Near above, oh wow you decide to drop here instead, gg reportedNovorepnoye
33%
Near above, you probably dropped here because you didn't have a choice, it was either this or (answer to #10)Quarry
29%

Score Distribution

Percentile by Number Answered

Percent of People with Each Score

Your Score History

You have not taken this quiz since the last reset